Качество поверхности деталей машин: межвузовский тематический сборник научных трудов

Λεπτομέρειες βιβλιογραφικής εγγραφής
Συγγραφή απο Οργανισμό/Αρχή: Ереванский политехнический институт (Политехник)
Άλλοι συγγραφείς: Сагателян Р. М. Рафаэль Матевосович (редактор)
Περίληψη:Посвящается 40-летию машиностроительного факультета
Γλώσσα:Ρωσικά
Έκδοση: Ереван, Изд-во ЕрПИ, 1985
Θέματα:
Μορφή: Βιβλίο
KOHA link:https://koha.lib.tpu.ru/cgi-bin/koha/opac-detail.pl?biblionumber=277429

MARC

LEADER 00000nam0a2200000 4500
001 277429
005 20231031231449.0
020 |a RU  |b 85-51568 
035 |a (RuTPU)RU\TPU\book\300702 
090 |a 277429 
100 |a 20141202d1985 k y0rusy5003 ca 
101 0 |a rus 
102 |a AM 
105 |a a z 011zy 
200 1 |a Качество поверхности деталей машин  |e межвузовский тематический сборник научных трудов  |f Ереванский политехнический институт (Политехник) ; под ред. Р. М. Сагателяна 
210 |a Ереван  |c Изд-во ЕрПИ  |d 1985 
215 |a 60 с.  |c ил. 
300 |a Посвящается 40-летию машиностроительного факультета 
320 |a Библиогр. в конце ст. 
606 1 |a Детали машин  |x Поверхности  |2 stltpush  |3 (RuTPU)RU\TPU\subj\9203 
610 1 |a качество 
610 1 |a обработка резанием 
610 1 |a металлы 
610 1 |a шероховатость 
610 1 |a режущие пластины 
610 1 |a износ 
675 |a 621.81-408  |z rus  |v 4 
702 1 |a Сагателян  |b Р. М.  |g Рафаэль Матевосович  |4 340 
712 0 2 |a Ереванский политехнический институт (Политехник)  |c (1930-????)  |2 stltpush  |3 (RuTPU)RU\TPU\col\9965 
801 0 |a RU  |b RuMRKP  |c 19950704  |g psbo 
801 1 |a RU  |b 63413507  |c 20141202 
801 2 |a RU  |b 63413507  |c 20170405  |g RCR 
942 |c BK